000 00483nam a22001457a 4500
082 _aT-105
100 _aBashir Ahmed Hassan
_948516
245 _aThe Effect of Consolidation Stress on Strength and Elastic Properties of Saturated Low Compressible Soils
_cBashir Ahmed Hassan
260 _aRisalpur
_bMCE
_c17-03-2001
300 _aXII, 106 p.:
526 _a0
_b0
_c0
_dT_105
650 _aThesis
_934811
700 _aLt Col Nasrullah Abeer, PhD (USA)
_948517
942 _2ddc
_cBK
999 _c551434
_d551434